000 00342nam a2200145Ia 4500
008 230718s9999 xx 000 0 und d
041 _aEng.
082 _a380.1
_bBIR-E
100 _aBrien Gerry
245 0 _aExquing to the fuhler of cllxad
260 _aPakistan
_bOxford in Press
_c1998
300 _a173
650 _aLaw
999 _c26078
_d26078